000 00488nam a2200157 4500
001 148720
003 ES-MaACL
005 20230906202756.0
007 t|
008 070214s1925 fr r ||||1| fre d
100 1 _aSuarès, André.
_9108534
245 1 0 _aSur la vie
_b: essais /
_cAndré Suarès [seud. de Felix André Ives Scantrel].
_n, . II.
260 _aParis :
_bEmile-Paul Frères,
_c1925 (
_eTours :
_fDelis)
300 _a2 h., 350 p. ;
_c19 cm.
852 _aES-MaACL
_jG-14263
999 _c148720
_d148720